000 00375nam a2200145Ia 4500
008 231129s1997||||xx |||||||||||||| ||spa||
020 _a958-04-3896-2
040 _bspa
082 _a709.04033 V486f
100 _aVerdone Mario
245 0 _aEl futurismo
260 _c1997
264 _aBogotá Colombia : Norma
942 _2ddc
_cBKS
999 _c11118
_d11118